[Event "ESP-ch U16"]
[Site "Linares"]
[Date "2010.07.23"]
[Round "6"]
[White "Donado Mazarron Gomez, Miguel"]
[Black "Villar Perez, Samuel"]
[Result "1/2-1/2"]
[WhiteElo "2141"]
[BlackElo "2072"]
[PlyCount "94"]
[EventDate "2010.07.20"]
[EventType "swiss"]
[EventRounds "9"]
[EventCountry "ESP"]
[SourceTitle "CBM 137 Extra"]
[Source "ChessBase"]
[SourceDate "2010.09.01"]
[SourceVersion "1"]
[SourceVersionDate "2010.09.01"]
[SourceQuality "1"]

1. e4 c5 2. Nf3 d6 3. d4 cxd4 4. Nxd4 Nf6 5. Nc3 a6 6. Bg5 Nbd7 7. f4 e5 8. Nf3 Qc7 9. a4 Be7 10. Bd3 h6 11. fxe5 dxe5 12. Be3 0-0 13. 0-0 b6 14. Nh4 Nc5 15. Nf5 Bxf5 16. Rxf5 Ne6 17. Nd5 Nxd5 18. exd5 Bc5 19. dxe6 Bxe3+ 20. Kh1 fxe6 21. Rxf8+ Rxf8 22. Qg4 Rf6 23. Qe4 Bc5 24. Qa8+ Bf8 25. Qxa6 e4 26. Qc4 Qxc4 27. Bxc4 Kf7 28. Re1 Rf4 29. g3 Rf2 30. Bb3 Kf6 31. Rxe4 e5 32. Rc4 Kf5 33. Rc7 Kg4 34. Be6+ Kf3 35. Rf7+ Ke3 36. Rxf2 Kxf2 37. Bf5 Kf3 38. Kg1 e4 39. Kf1 Bc5 40. Bg6 Bd4 41. c3 Bf6 42. Ke1 Bg5 43. b4 Bf6 44. Kd2 Bg5+ 45. Kd1 e3 46. Bh5+ Kf2 47. Be2 Be7 1/2-1/2

[Event "San Pedro del Pinatar op 1st"]
[Site "San Pedro del Pinatar"]
[Date "2010.01.15"]
[Round "2"]
[White "Murcia Paredes, Angel"]
[Black "Donado Mazarron Gomez, Miguel"]
[Result "1/2-1/2"]
[WhiteElo "2113"]
[BlackElo "2141"]
[PlyCount "80"]
[EventDate "2010.01.15"]
[EventType "swiss"]
[EventRounds "7"]
[EventCountry "ESP"]
[SourceTitle "CBM 134 Extra"]
[Source "ChessBase"]
[SourceDate "2010.03.03"]
[SourceVersion "1"]
[SourceVersionDate "2010.03.03"]
[SourceQuality "1"]

1. e4 c5 2. Nf3 d6 3. d4 cxd4 4. Nxd4 Nf6 5. Nc3 a6 6. Be2 e5 7. Nf3 Be7 8. 0-0 0-0 9. Bg5 Be6 10. Re1 Nbd7 11. Bf1 b5 12. a3 Rc8 13. Qd2 Qc7 14. Rad1 Rfd8 15. h3 Nb6 16. Qe3 Nc4 17. Bxc4 Qxc4 18. Rd2 a5 19. Bxf6 Bxf6 20. Nd5 Bxd5 21. Rxd5 Qxc2 22. Rxb5 a4 23. g4 g6 24. h4 Qc6 25. Rd5 Rb8 26. Re2 Rb3 27. Rd3 Rdb8 28. Red2 Be7 29. Rxb3 Rxb3 30. Qe2 f5 31. gxf5 gxf5 32. Ng5 Bxg5 33. hxg5 Qxe4 34. Qxe4 fxe4 35. Rxd6 e3 36. fxe3 Rxe3 37. Ra6 Re4 38. Kf2 Kf7 39. Kf3 Rd4 40. Rf6+ Ke7 1/2-1/2

[Event "ESP-ch U14"]
[Site "Padron"]
[Date "2008.07.17"]
[Round "7"]
[White "Hernandez Mateo, Javier"]
[Black "Donado Mazarron Gomez, Miguel"]
[Result "1/2-1/2"]
[WhiteElo "1688"]
[BlackElo "2141"]
[PlyCount "65"]
[EventDate "2008.07.13"]
[EventType "swiss"]
[EventRounds "9"]
[EventCountry "ESP"]
[SourceTitle "CBM 125 Extra"]
[Source "ChessBase"]
[SourceDate "2008.09.01"]
[SourceVersion "1"]
[SourceVersionDate "2008.09.01"]
[SourceQuality "1"]

1. d4 d5 2. c4 c6 3. Nf3 Nf6 4. Nc3 a6 5. a4 e6 6. Bg5 Bb4 7. Qc2 Nbd7 8. cxd5 cxd5 9. e3 b6 10. Bd3 Bb7 11. 0-0 Rc8 12. Rfc1 h6 13. Bh4 g5 14. Bg3 Ne4 15. Bxe4 dxe4 16. Ne5 Nxe5 17. Bxe5 f6 18. Bg3 0-0 19. Qe2 f5 20. Qh5 Kh7 21. Be5 Bxc3 22. bxc3 Qd7 23. Rab1 Qxa4 24. Rxb6 Bd5 25. Rcb1 Qd7 26. Rxa6 Rxc3 27. h3 Qf7 28. Qxf7+ Rxf7 29. g3 Rc2 30. Raa1 h5 31. Rc1 Rxc1+ 32. Rxc1 h4 33. Rc7 1/2-1/2